| 000 | 01273nam a22003617a 4500 | ||
|---|---|---|---|
| 003 | DO-SdBPM | ||
| 005 | 20260522103204.0 | ||
| 007 | ta | ||
| 008 | 161031b1997 mx 00| 0 spa d | ||
| 020 | _a9687277196 | ||
| 040 |
_aDO-SdBPM _bspa _cBPMSU _erda |
||
| 082 | 0 | 4 |
_aM863.6 _bC961j 1997 _222 |
| 100 | 1 |
_aCuauhtémoc Sánchez, Carlos _4aut. _eautor |
|
| 245 | 1 | 0 |
_aJuventud en éxtasis 2 / _cCarlos Cuauhtémoc Sánchez. |
| 264 |
_aMéxico : _bEdiciones selectas diamente, _c1997. |
||
| 300 |
_a2 volúmenes : _bilustraciones ; _c22 cm. |
||
| 336 |
_atexto _btxt _2rdacontent |
||
| 337 |
_asin mediación _bn _2rdamedia |
||
| 338 |
_avolumen _bnc _2rdacarrier |
||
| 500 | _aLibros que transforman vidas | ||
| 500 | _a | ||
| 505 | 0 | _av.1 Novela de valores sobre noviazgo y sexualidad. -- v.2 Curso definitivo sobre dignidad sexual. | |
| 590 | _aInventariado, 2026/VM | ||
| 650 | 7 |
_aEducación sexual _vGuías. |
|
| 650 | 7 |
_aÉtica sexual _vGuías. |
|
| 650 | 7 | _aNovela erótica. | |
| 650 | 7 | _aNovela mexicana. | |
| 650 | 7 |
_aRelaciones de pareja _vNovelas. |
|
| 740 | 0 | 2 | _aCurso definitivo sobre dignidad sexual. |
| 740 | 0 | 2 | _aNovela de valores sobre noviazgo y sexualidad. |
| 910 | _aVMateo V. Control de calidad. BPMSU | ||
| 942 |
_2ddc _cBK |
||
| 999 |
_c12950 _d12950 |
||